| 000 | 00542nam a22002057a 4500 | ||
|---|---|---|---|
| 003 | OSt | ||
| 008 | 251013b |||||||| |||| 00| 0 eng d | ||
| 020 | _a9788127242657 | ||
| 082 |
_a338.161 _bP18M |
||
| 100 | _aPanda, S. C. | ||
| 245 |
_aMechanization of Agriculture / _cby S. C. Panda |
||
| 250 | _a2nd revised and enlarged ed. | ||
| 260 |
_a.- Ludhiana _b: Kalyani Publishers _c, 2023 |
||
| 300 | _a281p. | ||
| 650 | _aSocial Sciences | ||
| 650 | _aEconomics | ||
| 650 | _aAgriculture | ||
| 650 | _aMechanization | ||
| 942 |
_2ddc _cBK |
||
| 999 |
_c49059 _d49059 |
||